| 000 | 00884nam a2200229Ia 4500 | ||
|---|---|---|---|
| 005 | 20250108124903.0 | ||
| 008 | 008 250107s9999 xx 000 0 hin d | ||
| 020 | _a978-93-82662-61-7 | ||
| 037 | _aTB | ||
| 040 |
_aCRL _bhin _cCRL |
||
| 041 |
_ahin _2hin |
||
| 084 | _aW 152Q9 | ||
| 084 | _qCRL | ||
| 100 | _aअवस्थी, विश्वम्भर दयाल, ले. | ||
| 245 | 0 |
_aहिन्दू धर्म और दर्शन: हिन्दू धर्म और दर्शन का तात्विक विवेचन _cअवस्थी, विश्वम्भर दयाल, ले. |
|
| 260 |
_aइलाहाबाद, भारत _bसरस्वती प्रकाशन _c2554 |
||
| 300 | _a384पृ0 | ||
| 365 |
_aINR _b220 |
||
| 650 | _aधर्म | ||
| 942 |
_cTB _hW 152Q9 |
||
| 999 |
_c1234942 _d1234942 |
||